Länder in der Nähe von Irland - Statistiken

Allgemein
  • Dieses Quiz wurde 202 mal gespielt
  • Das Durchschnittsergebnis liegt bei 19 aus 20
Antwortstatistiken
km Land % Korrekt
622 Belgien
99%
925 Dänemark
99%
821 Deutschland
99%
413 Frankreich
99%
668 Niederlande
99%
0 Vereinigtes Königreich
99%
839 Norwegen
98%
1177 Schweden
98%
861 Spanien
98%
1068 Island
96%
881 Luxemburg
96%
1192 Italien
94%
1253 Österreich
93%
1036 Portugal
93%
1088 Schweiz
92%
1264 Liechtenstein
89%
1331 Polen
88%
1212 Andorra
85%
1388 Monaco
84%
1281 Tschechien
76%
Keine übereinstimmenden Quizze gefunden
Verteilung der Resultate
Anzahl Personen mit jedem Resultat
Perzentil nach korrekt beantworteten Fragen
Ihre Resultats-Entwicklung
Sie haben dieses Quiz noch nicht gespielt